Komentár k novele Zákonníka práce
Zosúladenie vnútroštátneho zákonodarstva SR vo vzťahu k jednotlivým článkom ratifikovaných dohovorov Medzinárodnej organizácie práce a to dohovoru o minimálnom veku a o zrušení nútenej práce. Komentár k jednotlivým ustanoveniam právnej úpravy Zákonníka práce.
Guardado en:
| Autor principal: | |
|---|---|
| Formato: | Capítulo de libro |
| Lenguaje: | eslovaco |
| Materias: | |
| Etiquetas: |
Sin Etiquetas, Sea el primero en etiquetar este registro!
|
MARC
| LEADER | 00000naa a2200000 4500 | ||
|---|---|---|---|
| 001 | r032336 | ||
| 005 | 20230926072514.6 | ||
| 041 | 0 | |a slo | |
| 044 | |a SK | ||
| 245 | 1 | 0 | |a Komentár k novele Zákonníka práce |c Mária Rybárová |
| 520 | |a Zosúladenie vnútroštátneho zákonodarstva SR vo vzťahu k jednotlivým článkom ratifikovaných dohovorov Medzinárodnej organizácie práce a to dohovoru o minimálnom veku a o zrušení nútenej práce. Komentár k jednotlivým ustanoveniam právnej úpravy Zákonníka práce. | ||
| 610 | 2 | 0 | |a právo pracovné |
| 610 | 2 | 0 | |a podmienky pracovné |
| 610 | 2 | 0 | |a mladiství |
| 610 | 2 | 0 | |a MOP |
| 610 | 2 | 0 | |a zákonník práce |
| 610 | 2 | 0 | |a úpravy právne |
| 610 | 2 | 0 | |a komentáre |
| 610 | 2 | 0 | |a Slovensko |
| 610 | 2 | 0 | |a 1998 |
| 100 | 1 | |a Rybárová, Mária | |